Enzymes /

Contenido: Conceptos básicos; Producción, almacenamiento y manejo; Reacciones enzimáticas comunes; Análisis de las actividades de enzimas; Uso de enzimas en productos horneados; Uso de enzimas en bebidas; Otras aplicaciones; Cómo escoger enzimas para aplicaciones específicas.

Guardado en:
Bibliografiske detaljer
Hovedforfatter: Mathewson, Paul R. (autor)
Format: Bog
Sprog:engelsk
Udgivet: EUA : American Association of Cereal Chemists : Eagan Press, 1998, c1998
Serier:(Practical Guides for the Food Industry)
(Eagan Press Handbook Series)
Fag:
Tags: Tilføj Tag
Ingen Tags, Vær først til at tagge denne postø!

MARC

LEADER 00000nam^a2200000^a^4500
001 000136320
005 20250521000000.0
009 20260310095315.6
020 |a 0-913250-96-1 
037 |a Acervo ITESO - Biblioteca 
041 |a ING 
082 |a 664.  |b PRA V. 2 
100 |a Mathewson, Paul R.  |e (autor) 
245 1 0 |a Enzymes /  |c P.R. Mathewson. 
264 4 |a EUA :  |b American Association of Cereal Chemists :  |b Eagan Press,  |c 1998, c1998 
300 |a 109 p. 
336 |a texto  |b txt  |2 rdacontenido 
337 |a sin mediación  |b n  |2 rdamedio 
338 |a volumen  |b nc  |2 rdasoporte 
440 1 |a (Practical Guides for the Food Industry) 
440 1 |a (Eagan Press Handbook Series) 
520 |a Contenido: Conceptos básicos; Producción, almacenamiento y manejo; Reacciones enzimáticas comunes; Análisis de las actividades de enzimas; Uso de enzimas en productos horneados; Uso de enzimas en bebidas; Otras aplicaciones; Cómo escoger enzimas para aplicaciones específicas. 
649 |a XX 
650 |a Enzimas 
650 |a Alimentos y Bebidas -  |x Composición 
650 |a Alimentos y Bebidas -  |x Almacenamiento 
650 |a Química de Alimentos 
650 |a Industria Alimenticia 
650 |a Tecnología de Alimentos 
910 |a Fondo General 
920 |a Impresos - Libros 
930 |a Colección General 
905 |a 101 
901 |a 0500065175  |b IT1  |c ACC  |u 20250521 
902 |a https://opac.biblio.iteso.mx/vufind/Record/000136320